000 00642nam a2200193 a 4500
001 22533
005 20180713220440.0
008 140415s1979 xxu 000 0 eng d
020 _a0883771330
041 _aeng
082 _a428.64
_bFER
100 1 _aFERREIRA, LINDA A.
245 1 0 _aREAD ON, SPEAK OUT :
_bCOMPREHENSION, VOCABULARY ANDDISCUSSION FOR ADULTS LEARNING ENGLISH
250 _a1a ed.
260 _aESTADOS UNIDOS DE AMERICA :
_bNEW BURY HOUSE PUBLISHERS,
_c1979
300 _a88
650 1 4 _aINGLES LENGUAJE
_xENSEANZA ESTUDIANTES EXTRANJEROS
_xLECTURAS
_xESTADOS UNIDOS
700 1 _aVAI, MARJORIE
_ecoaut.
999 _c22533
_d22533